[Event "It (w)"]
[Site "masterchessopen.com - Nea Makri (Yugoslavia)"]
[Round "9"]
[White "Botsari Anna-Maria (GRE)"]
[Black "Petraki Maria (GRE)"]
[Result "0-1"]
[WhiteElo "2313"]
[BlackElo "2034"]

1.d4 e6 2.c4 f5 3.g3 Nf6 4.Bg2 Be7 5.Nf3 O-O 6.O-O d6 7.Nc3 a5 8.Qc2 Nc6 9.a3
e5 10.dxe5 dxe5 11.Rd1 Qe8 12.e4 Qh5 13.Nd5 fxe4 14.Nxf6+ Rxf6 15.Ng5 Nd4
16.Rxd4 exd4 17.Bxe4 c6 18.Bxh7+ Kh8 19.Qe4 Bh3 20.Bd2 Bc5 21.Qe5 Rxf2 22.Bf4
Rg2+ 23.Kh1 Re8 24.g4 Rxe5 25.gxh5 Rexg5 26.Bd3 R5g4 27.Rf1 Rxb2 {#R} 0-1

[Event "Ch Europe (juniors) (under 14)"]
[Site "masterchessopen.com - Szombathely (Hungary)"]
[Round "0"]
[White "Hrivnak Martin Jr (SVK)"]
[Black "Williams Simon (ENG)"]
[Result "0-1"]
[WhiteElo "2210"]
[BlackElo "2512"]

1.d4 e6 2.g3 f5 3.Bg2 Nf6 4.Nf3 d6 5.O-O Be7 6.c4 O-O 7.Nc3 a5 8.Rb1 Ne4 9.Qc2
Nc6 10.a3 Nxc3 11.Qxc3 a4 12.Nd2 Bf6 13.e3 e5 14.dxe5 dxe5 15.b4 axb3 16.Bxc6
bxc6 17.Nxb3 Qe8 18.Qc2 f4 19.exf4 exf4 20.Bxf4 Bh3 21.Rfe1 Qh5 22.Qe4 Bf5
23.Qxc6 Bxb1 24.Rxb1 Rxa3 25.Nd2 Bd4 26.Qxc7 Ra2 27.Rb8 Bxf2+ 28.Kg2 Bc5
29.Rxf8+ Bxf8 30.Qd7 Qe2+ 31.Kh3 Ra5 32.g4 Ra3+ 33.Kh4 Rd3 34.Qc6 Rd4 35.Qc7
h6 {#R} 0-1

[Event "It (open)"]
[Site "masterchessopen.com - Athens (Greece)"]
[Round "0"]
[White "Vlahos Georgios (GRE)"]
[Black "Petrovikis Dimosthenis (GRE)"]
[Result "1-0"]
[WhiteElo "1716"]
[BlackElo "2165"]

1.d4 f5 2.g3 Nf6 3.Bg2 e6 4.c4 Be7 5.Nf3 O-O 6.O-O d6 7.Nc3 a5 8.Re1 Ne4 9.Qd3
Nc6 10.a3 Nxc3 11.Qxc3 e5 12.dxe5 dxe5 13.Nxe5 Bb4 14.Nxc6 Bxc3 15.Nxd8 Bxe1
16.Bd5+ Kh8 17.Nf7+ Kg8 18.Ne5+ Kh8 19.Be3 c6 20.Bf3 Re8 21.Nd3 Rxe3 22.fxe3
Bd2 23.Kf2 a4 24.Nc5 Ra5 25.Rd1 Rxc5 26.Rxd2 Be6 27.Rd8+ Bg8 28.e4 fxe4
29.Bxe4 g6 30.Bd3 Kg7 31.Rd7+ Kh6 32.Rxb7 Bxc4 33.Bxc4 Rxc4 34.Rb4 Rc2 35.Ke3
c5 36.Kd3 {#r} 1-0

[Event "Czech League 1994/95 (2nd) (a)"]
[Site "masterchessopen.com - Czech Republic"]
[Round "3"]
[White "Gregor Jiri (CZE)"]
[Black "Siktanc Petr (CZE)"]
[Result "1-0"]
[WhiteElo "1647"]
[BlackElo "2165"]

1.d4 e6 2.c4 f5 3.g3 Nf6 4.Bg2 Be7 5.Nf3 O-O 6.O-O d6 7.Nc3 a5 8.Qc2 Nc6 9.e4
fxe4 10.Nxe4 e5 11.Be3 Ng4 12.dxe5 Nxe3 13.fxe3 dxe5 14.Rad1 Qe8 15.Nfg5 Qg6
16.Rxf8+ Bxf8 17.c5 Be7 18.Qb3+ {#r} 1-0

[Event "Memorial M.Chigorin"]
[Site "masterchessopen.com - St. Petersburg (Russia)"]
[Round "9"]
[White "Skomorokhin Roman (RUS)"]
[Black "Poluljahov Aleksandr (RUS)"]
[Result "1-0"]
[WhiteElo "2425"]
[BlackElo "2485"]

1.d4 e6 2.c4 f5 3.g3 Nf6 4.Bg2 Be7 5.Nf3 O-O 6.O-O d6 7.Nc3 a5 8.Qc2 Nc6 9.e4
Nb4 10.Qe2 Nxe4 11.Nxe4 fxe4 12.Qxe4 e5 13.g4 exd4 14.Nxd4 Bf6 15.Ne6 Bxe6
16.Qxe6+ Kh8 17.Qe2 a4 18.Qd2 c5 19.Bxb7 Rb8 20.Be4 d5 21.cxd5 Bd4 22.Qg5 Qe8
23.Bf5 Nxd5 24.Qh4 g6 25.Bd3 Nb4 26.Bc4 Nc2 27.Bh6 Nxa1 28.Bxf8 Qxf8 29.Rxa1
Rxb2 30.Rf1 Rc2 31.Bd3 Rxa2 32.Bxg6 h6 33.Bf5 Rb2 34.Qh5 a3 35.Qg6 Qg7 36.Qe8+
Qg8 37.Qc6 Qg7 {#r} 1-0

[Event "Oberliga East 1994/95"]
[Site "masterchessopen.com - Germany"]
[Round "0"]
[White "Nestler Reiner (GER)"]
[Black "Koksch Guenther (GER)"]
[Result "1-0"]
[WhiteElo "2126"]
[BlackElo "2082"]

1.d4 e6 2.c4 f5 3.Nf3 Nf6 4.g3 d6 5.Bg2 Be7 6.O-O O-O 7.Nc3 a5 8.Re1 Ne4 9.Qc2
Nc6 10.a3 Nxc3 11.Qxc3 e5 12.dxe5 dxe5 13.e4 fxe4 14.Nd2 Bc5 15.Nxe4 Bb4
16.axb4 axb4 17.Rxa8 bxc3 18.Ng5 cxb2 19.Be3 Ne7 20.Be4 h6 21.Ne6 Bxe6 22.Rxd8
Rxd8 23.Rb1 Bxc4 24.Rxb2 b5 25.Bc5 Kf7 26.h4 Ke6 27.Kg2 Nd5 28.Bf3 Kf5 29.Kh2
e4 30.Bg2 Nf6 31.f3 Rd3 32.fxe4+ Nxe4 33.Bf8 Rd7 34.Bh3+ {#r} 1-0

[Event "Ch Moscow (open)"]
[Site "masterchessopen.com - Moscow (Russia)"]
[Round "3"]
[White "Annakov Babakuli (USA)"]
[Black "Khramov Evgeny (RUS)"]
[Result "1-0"]
[WhiteElo "2410"]
[BlackElo "2241"]

1.d4 e6 2.c4 f5 3.Nf3 Nf6 4.g3 Be7 5.Bg2 O-O 6.O-O d6 7.Nc3 a5 8.Qc2 Nc6 9.a3
e5 10.dxe5 dxe5 11.Rd1 Qe8 12.Nd5 Bd8 13.b3 Qh5 14.Bb2 f4 15.gxf4 Bh3 16.fxe5
Ng4 17.Qe4 Bxg2 18.Kxg2 Rxf3 19.Qxf3 Qxh2+ 20.Kf1 Qh4 {#r} 1-0

[Event "It (open)"]
[Site "masterchessopen.com - Gyongyos (Hungary)"]
[Round "0"]
[White "Prokopishin Vasily (UKR)"]
[Black "Gyurkovics Miklos (HUN)"]
[Result "0-1"]
[WhiteElo "2340"]
[BlackElo "2135"]

1.d4 d6 2.g3 f5 3.Nf3 Nf6 4.Bg2 e6 5.c4 Be7 6.O-O O-O 7.Nc3 a5 8.Qc2 Nc6 9.Rd1
Qe8 10.Bf4 Qh5 11.e4 e5 12.dxe5 dxe5 13.Bxe5 Nxe5 14.Nxe5 fxe4 15.f4 exf3
16.Nxf3 Bg4 17.Rf1 Bc5+ 18.Kh1 Bf5 19.Qd2 Be4 20.Nh4 Rad8 21.Nxe4 Rxd2 22.Nxd2
Rd8 23.Nb3 Bf8 24.Rae1 a4 25.Nc1 c6 26.Ne2 Bb4 27.Nf4 Qf7 28.Bh3 Kh8 29.Be6
Qc7 30.Rd1 g5 31.Nd3 Qe7 32.Ne5 Rxd1 33.Rxd1 gxh4 34.Nf7+ Kg7 35.Nd8 {#R} 0-1

[Event "It (open)"]
[Site "masterchessopen.com - Gioiosa Marea (Italy)"]
[Round "0"]
[White "Natoli Domenico (ITA)"]
[Black "Naumkin Igor (RUS)"]
[Result "1-0"]
[WhiteElo "1824"]
[BlackElo "2430"]

1.d4 e6 2.c4 f5 3.Nf3 Nf6 4.g3 Be7 5.Bg2 O-O 6.O-O d6 7.Nc3 a5 8.Qc2 Nc6 9.a3
e5 10.dxe5 dxe5 11.e4 fxe4 12.Nxe4 Qe8 13.Nfg5 Nxe4 14.Bxe4 Bxg5 15.Bxg5 Nd4
16.Qd3 Bf5 17.f4 Qh5 18.Rae1 Bxe4 19.Qxe4 Rae8 20.Qd5+ Kh8 21.Kg2 Nc2 22.Re4
h6 23.Bh4 Qg6 24.Rf2 c6 25.Qd3 Ne1+ {#r} 1-0

[Event "It (open)"]
[Site "masterchessopen.com - Haarlem (Netherlands)"]
[Round "6"]
[White "Lacrosse Marc (BEL)"]
[Black "Leeuwenburgh Evert (NED)"]
[Result "1-0"]
[WhiteElo "2300"]
[BlackElo "2077"]

1.d4 f5 2.g3 Nf6 3.Bg2 e6 4.Nf3 Be7 5.O-O O-O 6.c4 d6 7.Nc3 a5 8.Re1 Na6 9.e4
fxe4 10.Nxe4 Nxe4 11.Rxe4 Rb8 12.Bh3 b5 13.Bxe6+ Bxe6 14.Rxe6 bxc4 15.Qe2 Rf7
16.Qxc4 Qd7 17.Bg5 Rb4 18.Qe2 Rxb2 19.Qe4 Bf8 20.Bc1 d5 21.Qe1 Rb6 22.Rxb6
cxb6 23.Ne5 Qe6 24.Qf1 Ra7 25.Be3 Nb4 26.Rc1 Nxa2 27.Rc6 Qf5 28.Rxb6 Nb4
29.Bd2 Qe4 30.Bxb4 axb4 31.Qd1 Ra2 32.Rb8 Re2 33.Kf1 Rc2 34.f3 Qf5 35.g4 Rxh2
36.gxf5 Rh1+ 37.Ke2 Rxd1 38.Kxd1 {#r} 1-0

[Event "It (open)"]
[Site "masterchessopen.com - Montecatini Terme (Italy)"]
[Round "3"]
[White "Greenfeld Alon (ISR)"]
[Black "Bellin Robert (ENG)"]
[Result "1-0"]
[WhiteElo "2540"]
[BlackElo "2400"]

1.d4 e6 2.Nf3 f5 3.g3 Nf6 4.Bg2 Be7 5.O-O O-O 6.c4 d6 7.Nc3 a5 8.Re1 Ne4 9.Nd2
Nxc3 10.bxc3 e5 11.e4 Nc6 12.exf5 Bxf5 13.Nf1 Bf6 14.Ne3 Bd7 15.Rb1 Rb8 16.Bb2
Kh8 17.Qd2 Bg5 18.h4 Bh6 19.Qe2 Bxe3 20.Qxe3 Qf6 21.c5 Bf5 22.Rbc1 exd4
23.cxd4 Nb4 24.cxd6 cxd6 25.Red1 Nd3 26.Rb1 Nb4 27.d5 Qf7 28.Rbc1 Rbe8 29.Qb6
Nd3 30.Rc7 Re7 31.Rxe7 Qxe7 32.Bd4 Ne1 33.Bh1 Bg4 34.Bxg7+ Kxg7 {#r} 1-0

[Event "Ch Europe (juniors) (under 20)"]
[Site "masterchessopen.com - Tallinn (Estonia)"]
[Round "4"]
[White "Ruck Robert (HUN)"]
[Black "Williams Simon (ENG)"]
[Result "1-0"]
[WhiteElo "2465"]
[BlackElo "2310"]

1.d4 e6 2.c4 f5 3.g3 Nf6 4.Bg2 Be7 5.Nf3 d6 6.O-O O-O 7.Nc3 a5 8.b3 Ne4 9.Bb2
Bf6 10.Qc2 Nxc3 11.Bxc3 Nc6 12.e4 fxe4 13.Qxe4 Qe8 14.Rfe1 Bd7 15.Rac1 Nd8
16.Nd2 Qh5 17.Qe3 Bg5 18.f4 Bh6 19.Qe2 Qf7 20.Ne4 Nc6 21.d5 Nd8 22.Rcd1 exd5
23.Nxd6 Qg6 24.Bxd5+ Kh8 25.Be4 Qg4 26.Bf3 Qh3 27.Qe7 Rg8 28.Nf7+ Nxf7 29.Qxd7
{#r} 1-0

[Event "Ch World (juniors) (under 20) (g)"]
[Site "masterchessopen.com - Zagan (Poland)"]
[Round "10"]
[White "Vasilevich Tatjana (UKR)"]
[Black "Zatonskih Anna (USA)"]
[Result "1-0"]
[WhiteElo "2390"]
[BlackElo "2325"]

1.d4 e6 2.c4 f5 3.g3 Nf6 4.Bg2 Be7 5.Nf3 O-O 6.O-O d6 7.Nc3 a5 8.Re1 Ne4 9.Qc2
Nxc3 10.bxc3 Bf6 11.e4 fxe4 12.Qxe4 a4 13.h4 Ra5 14.Bg5 Qe8 15.Rad1 Qf7 16.Rd2
Nc6 17.Bh3 Nd8 18.Bf1 b6 19.Bd3 g6 20.Bxf6 Qxf6 21.Nh2 e5 22.Qe3 Bd7 23.Be4
Kg7 24.Nf3 exd4 25.cxd4 Re8 26.Qd3 Nf7 27.Rde2 Bg4 28.Re3 Bf5 29.Nd2 d5
30.Bxf5 dxc4 31.Qxc4 Rxe3 32.fxe3 Qxf5 33.Qxc7 Qd3 34.Nc4 Rf5 35.Nd6 Rf6
36.Ne8+ {#r} 1-0

[Event "It (open)"]
[Site "masterchessopen.com - Gorlitz (Germany)"]
[Round "1"]
[White "Ksieski Zbigniew (POL)"]
[Black "Schmidt Raul (ROM)"]
[Result "1-0"]
[WhiteElo "2400"]
[BlackElo "2371"]

1.d4 f5 2.g3 Nf6 3.Bg2 e6 4.c4 Be7 5.Nf3 O-O 6.O-O d6 7.Nc3 a5 8.b3 Na6 9.Ba3
c6 10.Qd2 Rb8 11.Ne1 Qe8 12.e4 fxe4 13.Nxe4 Nxe4 14.Bxe4 Qh5 15.Nd3 c5 16.dxc5
dxc5 17.Qxa5 b6 18.Qe1 Bf6 19.Qd1 Qf7 20.Bb2 Bxb2 21.Nxb2 Qf6 22.Nd3 Nc7
23.Qh5 g6 24.Qe5 Qe7 25.Rad1 Bb7 26.Bxb7 Rxb7 27.Nf4 Rf5 28.Qe4 Ra7 29.Rd2 Qf6
30.Rd7 b5 31.cxb5 Nxb5 32.Rxa7 Nxa7 33.Qa8+ {#r} 1-0

[Event "It (open) \"]
[Site "masterchessopen.com - Leipzig (Germany)"]
[Round "5"]
[White "Hillmann Ralf (GER)"]
[Black "Just Gabriele Dr (GER)"]
[Result "0-1"]
[WhiteElo "1973"]
[BlackElo "1925"]

1.d4 e6 2.c4 f5 3.g3 Nf6 4.Bg2 Be7 5.Nf3 d6 6.O-O O-O 7.Nc3 a5 8.Qc2 Nc6 9.a3
e5 10.d5 Nb8 11.Nd2 Qe8 12.e4 Qh5 13.Qd1 Qg6 14.Nf3 Nh5 15.Qe1 f4 16.Kh1 Bg4
17.h3 Bxf3 18.Bxf3 fxg3 19.Bg4 Kh8 20.f3 Nd7 21.Kg2 Nc5 22.Be3 Nd3 23.Qd2
Ndf4+ 24.Kg1 Bg5 25.Bxh5 Qxh5 26.Bxf4 Rxf4 27.Qg2 Rh4 {#R} 0-1

[Event "Ch Great Britain"]
[Site "masterchessopen.com - Torquay (England)"]
[Round "1"]
[White "Forbes Cathy (ENG)"]
[Black "Williams Simon (ENG)"]
[Result "0-1"]
[WhiteElo "2110"]
[BlackElo "2335"]

1.d4 e6 2.Nf3 f5 3.g3 Nf6 4.Bg2 Be7 5.O-O O-O 6.c4 d6 7.Nc3 a5 8.Ne1 e5 9.dxe5
dxe5 10.Qxd8 Bxd8 11.Nd3 Re8 12.Nc5 c6 13.e4 Bb6 14.N3a4 Bxc5 15.Nxc5 Nbd7
16.Nxd7 Bxd7 17.exf5 Bxf5 18.Be3 Bd3 19.Rfc1 Ng4 20.Bb6 e4 21.h3 Ne5 22.b3 a4
23.Re1 Bc2 24.Bd4 c5 25.Bxe4 cxd4 26.Bxc2 d3 27.Bd1 axb3 28.f4 b2 29.Rb1 Nxc4
30.Rxe8+ Rxe8 31.Bb3 b5 32.Rxb2 Kf8 33.Rb1 Re3 34.a4 Nd2 {#R} 0-1

[Event "Ch Catalunia (team)"]
[Site "masterchessopen.com - Catalunia (Spain)"]
[Round "9"]
[White "Joanpera Morales Antonio (ESP)"]
[Black "Lopez Sanchez Xavier (ESP)"]
[Result "1-0"]
[WhiteElo "2370"]
[BlackElo "2092"]

1.d4 f5 2.g3 Nf6 3.Bg2 e6 4.Nf3 Be7 5.O-O O-O 6.c4 d6 7.Nc3 a5 8.Re1 Ne4 9.Qc2
Nc6 10.Nxe4 Nb4 11.Qb1 fxe4 12.Qxe4 e5 13.dxe5 Bf5 14.Qxb7 Nc2 15.exd6 cxd6
16.Bd2 Nxa1 17.Rxa1 Rb8 18.Qd5+ Kh8 19.Nd4 Qc8 20.Bc3 a4 21.Rd1 Bg4 22.Nc6 Rb7
23.Qe4 Qf5 24.Qe3 Bf6 25.f3 Bg5 26.Qd4 Qe6 {#r} 1-0

[Event "Oberliga Northwest 1998/99"]
[Site "masterchessopen.com - Germany"]
[Round "0"]
[White "Michalke Guenter (GER)"]
[Black "Janusch Gerd (GER)"]
[Result "1-0"]
[WhiteElo "2197"]
[BlackElo "2234"]

1.d4 f5 2.Nf3 Nf6 3.g3 e6 4.Bg2 Be7 5.O-O O-O 6.c4 d6 7.Nc3 a5 8.Re1 Ne4 9.Qc2
Nc6 10.a3 Nxc3 11.Qxc3 Bf6 12.e4 e5 13.d5 Ne7 14.Be3 f4 15.gxf4 exf4 16.Bd4
Bxd4 17.Qxd4 Ng6 18.e5 dxe5 19.Nxe5 f3 20.Nxf3 Nf4 21.Bf1 Ra6 22.Re3 Bh3
23.Kh1 Rh6 24.Rae1 Bg4 25.Ne5 Bh5 26.Rg3 Qh4 27.h3 Qf6 28.Qc3 Be8 29.Ng4 Rxh3+
30.Bxh3 Qh4 31.Rxe8 {#r} 1-0

[Event "It (open)"]
[Site "masterchessopen.com - San Sebastian (Spain)"]
[Round "0"]
[White "Izeta Txabarri Felix (ESP)"]
[Black "Pomes Marcet Juan (ESP)"]
[Result "0-1"]
[WhiteElo "2505"]
[BlackElo "2393"]

1.d4 e6 2.c4 f5 3.g3 Nf6 4.Bg2 Be7 5.Nf3 d6 6.O-O O-O 7.Nc3 a5 8.Re1 Ne4 9.Bf4
g5 10.Bc1 g4 11.Nd2 Nxc3 12.bxc3 e5 13.c5 e4 14.cxd6 cxd6 15.Rb1 d5 16.Rb5 Na6
17.f3 Nc7 18.Rb1 b5 19.fxg4 fxg4 20.Nb3 b4 21.cxb4 axb4 22.Nc5 Ne6 23.Nxe6
Bxe6 24.Qb3 Qd7 25.Bh6 Ra3 26.Qb2 Rfa8 27.Qd2 Rxa2 28.Rb2 Rxb2 29.Qxb2 Qa7
30.Qd2 b3 31.Rb1 Qa4 32.e3 Rc8 33.Qf2 Rc2 34.Qf1 b2 35.Re1 Qc4 36.Qf4 Rc1
37.Qb8+ Qc8 {#R} 0-1

[Event "It (open)"]
[Site "masterchessopen.com - San Sebastian (Spain)"]
[Round "0"]
[White "Nava Pereda Carlos (ESP)"]
[Black "Saenz Juan Jose (ESP)"]
[Result "1-0"]
[WhiteElo "2320"]
[BlackElo "2310"]

1.Nf3 f5 2.g3 Nf6 3.Bg2 e6 4.c4 Be7 5.O-O O-O 6.d4 d6 7.Nc3 a5 8.b3 Na6 9.Bb2
c6 10.Ne1 Nc7 11.Nd3 Rb8 12.Qc2 Qe8 13.Na4 d5 14.Nb6 Nd7 15.Nxd7 Bxd7 16.f3
Bf6 17.e4 Qh5 18.cxd5 exd5 19.Nc5 Bc8 20.e5 Be7 21.f4 Ne6 22.Nxe6 Bxe6 23.a4
Rbc8 24.Ba3 Rfe8 25.Bxe7 Rxe7 26.Qc5 Ree8 27.Bf3 Qh3 28.Qxa5 h5 29.Qe1 g6
30.Bg2 Qg4 31.h3 {#r} 1-0

[Event "It (open)"]
[Site "masterchessopen.com - Crailsheim (Germany)"]
[Round "7"]
[White "Schnepp Gunnar (AUT)"]
[Black "Seifert Dierk Dr (GER)"]
[Result "1-0"]
[WhiteElo "2243"]
[BlackElo "2173"]

1.d4 e6 2.c4 f5 3.g3 Nf6 4.Bg2 Be7 5.Nf3 O-O 6.O-O d6 7.Nc3 a5 8.Qc2 Nc6 9.a3
Qe8 10.d5 Nd8 11.Nd4 Qh5 12.dxe6 Bxe6 13.Nxe6 Nxe6 14.Nd5 Bd8 15.Nf4 Nxf4
16.Bxf4 Rb8 17.Rfe1 Re8 18.Rad1 Ne4 19.Bxe4 Rxe4 20.f3 Re6 21.Rd5 g6 22.c5 Bg5
23.cxd6 Bxf4 24.dxc7 {#r} 1-0

[Event "Ch Great Britain"]
[Site "masterchessopen.com - Millfield (England)"]
[Round "3"]
[White "Kemp Peter (ENG)"]
[Black "Williams Simon (ENG)"]
[Result "0-1"]
[WhiteElo "2208"]
[BlackElo "2353"]

1.d4 e6 2.c4 f5 3.g3 Nf6 4.Bg2 Be7 5.Nf3 d6 6.O-O O-O 7.Nc3 a5 8.b3 Ne4 9.Bb2
Nxc3 10.Bxc3 Nd7 11.Qc2 Qe8 12.e4 f4 13.e5 dxe5 14.dxe5 Qh5 15.Rae1 g5 16.Nd2
f3 17.Nxf3 Rxf3 18.Qd1 g4 19.Bxf3 gxf3 20.Re3 Qg6 21.Qxf3 Nc5 22.Bd4 Bd7
23.Bxc5 Bxc5 24.Qxb7 Qe8 25.Re4 Bc6 26.Rg4+ Kh8 27.Qxc7 Ra7 {#R} 0-1

[Event "Ch City"]
[Site "masterchessopen.com - Novosibirsk (Russia)"]
[Round "0"]
[White "Kopylov Andrey (RUS)"]
[Black "Shevchenko Vikenty (RUS)"]
[Result "1-0"]
[WhiteElo "2196"]
[BlackElo "2330"]

1.d4 e6 2.c4 f5 3.g3 Nf6 4.Bg2 Be7 5.Nf3 O-O 6.O-O d6 7.Nc3 a5 8.Re1 Ne4 9.Qc2
Na6 10.a3 Nxc3 11.bxc3 c6 12.e4 fxe4 13.Qxe4 e5 14.c5 Bf5 15.Qe2 dxc5 16.Nxe5
h6 17.Nxc6 bxc6 18.Qxe7 Qc8 19.dxc5 Rf7 20.Qe5 Bh3 21.Be3 Bxg2 22.Kxg2 Qg4
23.Bd4 Nc7 24.Qe4 Qd7 25.Rad1 Re8 26.Be5 Qe6 27.Rd6 Qa2 28.Re2 Qxa3 29.Rxh6
Re6 30.Qh7+ Kf8 31.Bd6+ {#r} 1-0

[Event "It (open)"]
[Site "masterchessopen.com - Selestat (France)"]
[Round "5"]
[White "Weiland Guenter (GER)"]
[Black "Roos Jean-Luc (FRA)"]
[Result "0-1"]
[WhiteElo "2095"]
[BlackElo "2271"]

1.Nf3 e6 2.c4 f5 3.d4 Nf6 4.g3 Be7 5.Bg2 O-O 6.O-O d6 7.Nc3 a5 8.Qc2 Nc6 9.a3
e5 10.d5 Nb8 11.b3 Qe8 12.e3 Qh5 13.Bb2 Na6 14.Qe2 Nc5 15.Nd2 Qh6 16.b4 Na6
17.Nb3 axb4 18.axb4 Bd7 19.Na2 Rae8 20.b5 Nc5 21.Nxc5 dxc5 22.f3 Bd6 23.Nc1
Re7 24.Ra3 Be8 25.Bh1 Bh5 26.Qd2 Nd7 27.Ne2 Ree8 28.Rf2 Nb6 29.Qc2 Ra8 30.Kf1
Rxa3 31.Bxa3 Ra8 32.Ng1 {#R} 0-1

[Event "Extra League 2000/01"]
[Site "masterchessopen.com - Czech Republic"]
[Round "10"]
[White "Jirovsky Pavel (CZE)"]
[Black "Trapl Jindrich (CZE)"]
[Result "1-0"]
[WhiteElo "2388"]
[BlackElo "2365"]

1.d4 e6 2.Nf3 f5 3.g3 Nf6 4.Bg2 Be7 5.O-O O-O 6.c4 d6 7.Nc3 a5 8.Qc2 Nc6 9.Rd1
Qe8 10.Nb5 Bd8 11.a3 e5 12.Bg5 e4 13.Nd2 Qh5 14.Bxf6 Rxf6 15.Nf1 Ne7 16.d5 Bd7
17.Nd4 c5 18.dxc6 Nxc6 19.Nb5 f4 20.Qxe4 Qh6 21.c5 fxg3 22.hxg3 Be7 23.Qe3 g5
24.Nxd6 Be6 25.Nxb7 Raf8 26.Bxc6 Rxf2 27.Bf3 R8xf3 28.exf3 Rxb2 29.Nd6 Qh3
30.Rd2 Rb3 31.Qe2 Bf6 32.Re1 Bd7 33.Qc4+ {#r} 1-0

[Event "Oberliga East A 2000/01"]
[Site "masterchessopen.com - Germany"]
[Round "8"]
[White "Kloss Thomas (GER)"]
[Black "Koksch Guenther (GER)"]
[Result "1-0"]
[WhiteElo "2090"]
[BlackElo "2168"]

1.d4 e6 2.Nf3 f5 3.g3 Nf6 4.Bg2 Be7 5.O-O O-O 6.c4 d6 7.Nc3 a5 8.b3 c6 9.Bb2
Bd7 10.Re1 Ne4 11.Qc2 Na6 12.a3 Nxc3 13.Bxc3 b5 14.e4 b4 15.axb4 Nxb4 16.Qd2
Qb6 17.exf5 e5 18.dxe5 Bxf5 19.exd6 Bf6 20.Bxf6 Rxf6 21.d7 Rd8 22.Re8+ Rf8
23.Rxf8+ Rxf8 24.Re1 Qc7 25.Ne5 Rd8 26.Nxc6 Rxd7 27.Qg5 g6 28.Ne7+ Rxe7
29.Qxe7 Qxe7 30.Rxe7 Bc2 31.c5 Bxb3 32.c6 {#r} 1-0

[Event "Oberliga Northwest 2000/01"]
[Site "masterchessopen.com - Germany"]
[Round "4"]
[White "Karwatt Lothar (GER)"]
[Black "Janusch Gerd (GER)"]
[Result "0-1"]
[WhiteElo "2189"]
[BlackElo "2200"]

1.d4 f5 2.Nf3 Nf6 3.g3 e6 4.Bg2 Be7 5.O-O O-O 6.c4 d6 7.Nc3 a5 8.Re1 Ne4 9.Qc2
Nc6 10.a3 Nxc3 11.Qxc3 Bf6 12.e4 fxe4 13.Rxe4 e5 14.dxe5 dxe5 15.g4 Bxg4
16.Rxg4 e4 17.Qb3 exf3 18.Qxf3 Ne5 19.Qd5+ Qxd5 20.Bxd5+ Kh8 21.Rg3 c6 22.f4
cxd5 23.fxe5 Bxe5 24.Rb3 dxc4 25.Rxb7 Bd4+ 26.Kg2 Rf2+ 27.Kg3 Raf8 28.Re7 h5
29.Re4 R8f3+ 30.Kh4 Rxh2+ 31.Kg5 Rg2+ 32.Kxh5 g6+ {#R} 0-1

[Event "Oberliga Northwest 2000/01"]
[Site "masterchessopen.com - Germany"]
[Round "7"]
[White "Michalke Guenter (GER)"]
[Black "Janusch Gerd (GER)"]
[Result "0-1"]
[WhiteElo "2224"]
[BlackElo "2200"]

1.d4 f5 2.g3 Nf6 3.Bg2 e6 4.Nf3 Be7 5.O-O O-O 6.c4 d6 7.Nc3 a5 8.Re1 Ne4 9.Nd2
Nxc3 10.bxc3 e5 11.Rb1 c6 12.e3 Nd7 13.f4 Nf6 14.c5 e4 15.cxd6 Bxd6 16.c4 b5
17.cxb5 cxb5 18.Rxb5 Bb4 19.a3 Bd7 20.Qb3+ Kh8 21.Rxb4 axb4 22.axb4 Bb5 23.Ba3
Qd5 24.Qb2 Rfc8 25.Nb3 Rxa3 26.Qxa3 Rc3 27.Rc1 Qxb3 28.Qxb3 Rxb3 29.Rc8+ Be8
30.Rb8 Rxe3 31.Bf1 Kg8 32.d5 Kf7 33.d6 Ke6 34.Rd8 Bd7 35.Bb5 {#R} 0-1

[Event "Ch Hungary (team) 2000/01"]
[Site "masterchessopen.com - Hungary"]
[Round "8"]
[White "Szabolcsi Janos (HUN)"]
[Black "Gyurkovics Miklos (HUN)"]
[Result "1-0"]
[WhiteElo "2429"]
[BlackElo "2265"]

1.d4 d6 2.Nf3 f5 3.g3 Nf6 4.Bg2 e6 5.O-O Be7 6.c4 O-O 7.Nc3 a5 8.Re1 Ne4 9.Nd2
Nxc3 10.bxc3 e5 11.c5 Kh8 12.cxd6 cxd6 13.Rb1 Qc7 14.Qb3 Nc6 15.e3 a4 16.Qc4
Qd7 17.d5 Na7 18.Qb4 b5 19.c4 Ba6 20.Qa5 Bb7 21.cxb5 Nc8 22.Qb4 Nb6 23.Nc4
Nxd5 24.Qd2 e4 25.Bb2 Qe6 26.Bf1 Nf6 27.Na5 Bd5 28.a3 Bd8 29.Bc3 Bxa5 30.Bxa5
Ng4 31.Bc7 Ne5 32.Be2 Bc4 33.Qxd6 Qxd6 34.Bxd6 Bxe2 {#r} 1-0

[Event "It (open)"]
[Site "masterchessopen.com - Port Erin (England)"]
[Round "2"]
[White "Gallagher Joseph G (SUI)"]
[Black "Williams Simon (ENG)"]
[Result "0-1"]
[WhiteElo "2511"]
[BlackElo "2288"]

1.d4 f5 2.g3 Nf6 3.Bg2 e6 4.Nf3 Be7 5.O-O O-O 6.c4 d6 7.Nc3 a5 8.Re1 Ne4 9.Qc2
Nxc3 10.Qxc3 Nc6 11.e4 e5 12.exf5 Bxf5 13.Be3 Be4 14.Nd2 Bxg2 15.Kxg2 d5 16.a3
Bf6 17.Nf3 exd4 18.Nxd4 Qd7 19.Rad1 Ne5 20.c5 Nf3 21.Rf1 Qg4 22.Qd3 Bxd4
23.Bxd4 Nh4+ 24.Kh1 Nf3 25.Kg2 c6 26.h3 Qe6 27.Be3 g5 28.Bd4 Rae8 29.b4 axb4
30.axb4 Qd7 31.Ba1 Qe6 32.Rc1 d4 33.Rfd1 Rf7 34.Qc4 Qe4 35.Kf1 Nd2+ {#R} 0-1

[Event "It (open)"]
[Site "masterchessopen.com - St. Veit (Austria)"]
[Round "0"]
[White "Nestler Reiner (GER)"]
[Black "Raffalt Manfred (AUT)"]
[Result "1-0"]
[WhiteElo "2171"]
[BlackElo "2186"]

1.d4 e6 2.c4 f5 3.Nf3 Nf6 4.g3 Be7 5.Bg2 d6 6.O-O O-O 7.Nc3 a5 8.Qc2 Nc6 9.a3
e5 10.dxe5 dxe5 11.Rd1 Qe8 12.Nb5 Bd8 13.Bg5 Qf7 14.Bh3 h6 15.Bxf6 Bxf6
16.Bxf5 Bxf5 17.Qxf5 Qxc4 18.Nxc7 e4 19.Nxa8 exf3 {#r} 1-0

[Event "It (open)"]
[Site "masterchessopen.com - Aschach (Austria)"]
[Round "1"]
[White "Kilgus Georg (AUT)"]
[Black "Seifert Dierk Dr (GER)"]
[Result "0-1"]
[WhiteElo "2346"]
[BlackElo "2102"]

1.d4 e6 2.c4 f5 3.g3 Nf6 4.Bg2 Be7 5.Nf3 O-O 6.O-O d6 7.Nc3 a5 8.Qc2 Nc6 9.e4
fxe4 10.Nxe4 e5 11.dxe5 dxe5 12.Nfg5 Nxe4 13.Nxe4 Bg4 14.f3 Nd4 15.Qd1 Nxf3+
16.Bxf3 Bxf3 {#R} 0-1

[Event "Oberliga Northwest 2001/02"]
[Site "masterchessopen.com - Germany"]
[Round "5"]
[White "Hoerstmann Martin (GER)"]
[Black "Janusch Gerd (GER)"]
[Result "1-0"]
[WhiteElo "2326"]
[BlackElo "2208"]

1.Nf3 f5 2.d4 Nf6 3.g3 e6 4.Bg2 Be7 5.O-O O-O 6.c4 d6 7.Nc3 a5 8.Qc2 Nc6 9.e4
Nb4 10.Qe2 fxe4 11.Nxe4 Nxe4 12.Qxe4 e5 13.dxe5 Bf5 14.Qxb7 Rb8 15.Qa7 Nc2
16.Nd4 Nxa1 17.Nc6 Qe8 18.Qxc7 dxe5 19.Nxe7+ Kh8 20.Nxf5 Rxf5 21.Be4 Rh5
22.Be3 Rc8 23.Qb7 Rxc4 24.Rxa1 Rb4 25.Qd5 Rxb2 26.Qxa5 g6 27.Rd1 Rb8 28.Ba7
Rb5 29.Qc7 {#r} 1-0

[Event "Ch Iceland (team) 2002/03"]
[Site "masterchessopen.com - Iceland"]
[Round "2"]
[White "Loftsson Hrafn (ISL)"]
[Black "Gunnarsson Arinbjorn (ISL)"]
[Result "0-1"]
[WhiteElo "2250"]
[BlackElo "2240"]

1.d4 f5 2.Nf3 Nf6 3.c4 e6 4.g3 Be7 5.Bg2 d6 6.O-O O-O 7.Nc3 a5 8.Qc2 Nc6 9.e4
fxe4 10.Nxe4 e5 11.dxe5 dxe5 12.Rd1 Qe8 13.Nfg5 Nxe4 14.Bxe4 Bxg5 15.Bxg5 Nd4
16.Qd3 Bf5 17.f4 h6 18.Bh4 c5 19.Rf1 Qd7 20.Rae1 Rae8 21.b3 Kh8 22.Kh1 Bxe4+
23.Rxe4 Qc6 24.Kg1 exf4 25.Be7 f3 26.Rxd4 Rxe7 27.Rd8 Rxd8 28.Qxd8+ Re8 29.Qd3
Rf8 30.Rf2 b6 31.Qd2 Qe4 32.Rf1 Re8 33.Rf2 Kh7 {#R} 0-1